[Event "FTX Crypto Cup 2022"]
[Site "Miami USA"]
[Date "2022.08.15"]
[Round "1.1"]
[White "Niemann, Hans Moke"]
[Black "Duda, Jan-Krzysztof"]
[Result "1-0"]
[WhiteTitle "GM"]
[BlackTitle "GM"]
[WhiteElo "2687"]
[BlackElo "2740"]
[WhiteFideId "2093596"]
[BlackFideId "1170546"]
[EventDate "2022.08.15"]

1. d4 Nf6 2. c4 g6 3. g3 c6 4. Bg2 d5 5. Nf3 Bg7 6. b3 O-O 7. Bb2 a5 8. Nc3 Ne4
9. O-O Bf5 10. Nh4 Nxc3 11. Bxc3 Be6 12. f4 dxc4 13. f5 Bc8 14. Qd2 cxb3 15.
axb3 b6 16. e4 e5 17. fxe6 Bxe6 18. d5 Bxc3 19. Qxc3 cxd5 20. exd5 Bc8 21. Nf3
Ba6 22. Rf2 Nd7 23. Nd4 Qe7 24. d6 Qxd6 25. Bxa8 Rxa8 26. Qc6 Qxc6 27. Nxc6 Bb7
28. Nd4 Rd8 29. Rd1 Nc5 30. Rfd2 Ne4 31. Rc2 Rd7 32. Rcc1 Ng5 33. Kf2 Re7 34.
Re1 Ne4+ 35. Kg1 Rd7 36. Red1 Nc5 37. Nb5 Re7 38. Re1 1-0

[Event "FTX Crypto Cup 2022"]
[Site "Miami USA"]
[Date "2022.08.15"]
[Round "1.1"]
[White "Praggnanandhaa, R"]
[Black "Firouzja, Alireza"]
[Result "1-0"]
[WhiteTitle "GM"]
[BlackTitle "GM"]
[WhiteElo "2661"]
[BlackElo "2778"]
[WhiteFideId "25059530"]
[BlackFideId "12573981"]
[EventDate "2022.08.15"]

1. e4 e5 2. Nf3 Nc6 3. Bb5 Nf6 4. O-O Nxe4 5. Re1 Nd6 6. Nxe5 Be7 7. Bf1 Nxe5 8.
Rxe5 O-O 9. Nc3 Ne8 10. Nd5 Bd6 11. Re1 c6 12. Ne3 Be7 13. Nf5 Bg5 14. d3 d5 15.
Bxg5 Qxg5 16. Ne7+ Kh8 17. Nxc8 Rxc8 18. c4 Nf6 19. Qb3 Qf4 20. g3 Qc7 21. Qa3
c5 22. cxd5 Nxd5 23. Rac1 Qb6 24. Re5 Nb4 25. d4 Nc6 26. Rexc5 Rcd8 27. d5 Ne5
28. Qc3 Rfe8 29. h3 Qd6 30. Bg2 h5 31. Rc7 Rb8 32. Qa3 Qb6 33. d6 Qd4 34. Qc5
Qxb2 35. f4 Ng6 36. Qxh5+ Kg8 37. Bd5 Rf8 38. Kh1 Qf6 39. d7 Qd6 40. Be4 Rbd8
41. Qf5 Qa3 42. Kh2 Qxa2+ 43. R1c2 Qa4 44. h4 1-0

[Event "FTX Crypto Cup 2022"]
[Site "Miami USA"]
[Date "2022.08.15"]
[Round "1.1"]
[White "Giri, Anish"]
[Black "Carlsen, Magnus"]
[Result "1/2-1/2"]
[WhiteTitle "GM"]
[BlackTitle "GM"]
[WhiteElo "2760"]
[BlackElo "2864"]
[WhiteFideId "24116068"]
[BlackFideId "1503014"]
[EventDate "2022.08.15"]

1. e4 g6 2. d4 Bg7 3. Nf3 d6 4. Be3 Nf6 5. Nc3 c6 6. Qd2 O-O 7. Bh6 d5 8. Bxg7
Kxg7 9. e5 Ne4 10. Nxe4 dxe4 11. Ng5 c5 12. d5 Bf5 13. Rg1 h6 14. g4 Be6 15.
Nxe4 Qxd5 16. Qxd5 Bxd5 17. Nxc5 Rc8 18. O-O-O Rxc5 19. b4 Bf3 20. bxc5 Bxd1 21.
Bg2 Nd7 22. Bxb7 Bf3 23. Bxf3 Rc8 24. e6 fxe6 25. c6 Ne5 26. Be4 Nxc6 27. Bxc6
Rxc6 28. Rd1 Kf6 29. Rd7 Ra6 30. Kb2 Rb6+ 31. Kc3 Ra6 32. Kb3 Rb6+ 33. Kc3 Ra6
34. Kb3 Rb6+ 35. Kc3 1/2-1/2

[Event "FTX Crypto Cup 2022"]
[Site "Miami USA"]
[Date "2022.08.15"]
[Round "1.1"]
[White "Aronian, Levon"]
[Black "Le, Quang Liem"]
[Result "1-0"]
[WhiteTitle "GM"]
[BlackTitle "GM"]
[WhiteElo "2775"]
[BlackElo "2728"]
[WhiteFideId "13300474"]
[BlackFideId "12401137"]
[EventDate "2022.08.15"]

1. c4 Nf6 2. Nc3 e6 3. e4 d5 4. e5 d4 5. exf6 dxc3 6. bxc3 Qxf6 7. d4 e5 8. Nf3
Nc6 9. Bg5 Qg6 10. d5 Nb8 11. h4 h6 12. h5 Qa6 13. Be3 Nd7 14. Bd3 Ba3 15. Rb1
O-O 16. O-O Qd6 17. Nh4 Nf6 18. Bf5 Qa6 19. Rb5 Re8 20. Bxc8 Raxc8 21. Nf5 Bf8
22. Qf3 c6 23. Rb3 cxd5 24. cxd5 Qxa2 25. Rfb1 Rxc3 26. Rxb7 Qxd5 27. Nxh6+ gxh6
28. Qxf6 Bg7 29. Qf5 a6 30. Rd7 Qc4 31. Rb4 Qa2 32. Rb6 Rxe3 33. fxe3 Rf8 34.
Rbd6 Qe2 35. Qf3 Qe1+ 36. Kh2 e4 37. Qg4 Qxe3 38. Rd8 Qg5 39. Rxf8+ Bxf8 40.
Qxg5+ hxg5 41. Rd8 e3 42. Kg1 f5 43. h6 f4 44. Kf1 1-0

[Event "FTX Crypto Cup 2022"]
[Site "Miami USA"]
[Date "2022.08.15"]
[Round "1.2"]
[White "Firouzja, Alireza"]
[Black "Praggnanandhaa, R"]
[Result "1-0"]
[WhiteTitle "GM"]
[BlackTitle "GM"]
[WhiteElo "2778"]
[BlackElo "2661"]
[WhiteFideId "12573981"]
[BlackFideId "25059530"]
[EventDate "2022.08.15"]

1. e4 c5 2. Nf3 Nc6 3. Bb5 g6 4. Bxc6 bxc6 5. O-O Bg7 6. Re1 Qc7 7. d3 e5 8. c3
Nf6 9. d4 cxd4 10. cxd4 exd4 11. Qxd4 O-O 12. Nc3 Qb6 13. Qxb6 axb6 14. e5 Ne8
15. Be3 Ra6 16. Rad1 f6 17. Bf4 fxe5 18. Bxe5 d5 19. Bxg7 Nxg7 20. Ne5 Bb7 21.
a3 Nf5 22. h3 d4 23. Ne4 c5 24. Ng5 Bc8 25. Rc1 Ra7 26. b4 Rxa3 27. bxc5 d3 28.
Rcd1 bxc5 29. Nxd3 c4 30. Ne5 c3 31. Rd5 c2 32. Rc5 Nd4 33. Rc7 Ba6 34. Ng4 Nf5
35. Rxc2 Rb3 36. Rc6 Bb5 37. Nf6+ Kh8 38. Nfxh7 Bxc6 39. Nxf8 Kg7 40. Nfe6+ Kh6
41. Nf7+ Kh7 42. Ne5 1-0

[Event "FTX Crypto Cup 2022"]
[Site "Miami USA"]
[Date "2022.08.15"]
[Round "1.2"]
[White "Carlsen, Magnus"]
[Black "Giri, Anish"]
[Result "1/2-1/2"]
[WhiteTitle "GM"]
[BlackTitle "GM"]
[WhiteElo "2864"]
[BlackElo "2760"]
[WhiteFideId "1503014"]
[BlackFideId "24116068"]
[EventDate "2022.08.15"]

1. e4 c5 2. Nf3 d6 3. d4 cxd4 4. Nxd4 Nf6 5. Nc3 a6 6. Rg1 h5 7. Bg5 b5 8. a3
Bb7 9. Bxf6 gxf6 10. f4 Nc6 11. Nxc6 Bxc6 12. Qd4 e6 13. O-O-O Rb8 14. Nd5 exd5
15. exd5 Bb7 16. Re1+ Be7 17. Bd3 Kf8 18. g4 hxg4 19. f5 Rg8 20. Rxg4 Rxg4 21.
Qxg4 Bxd5 22. Qd4 Bc4 23. Bxc4 bxc4 24. Qxc4 Qb6 25. b4 d5 26. Qh4 Ke8 27. Qh7
Qd6 28. Qg8+ Kd7 29. Qxf7 Qf4+ 30. Kd1 Qd4+ 31. Kc1 Qf4+ 32. Kd1 Qd4+ 33. Kc1
Qf4+ 1/2-1/2

[Event "FTX Crypto Cup 2022"]
[Site "Miami USA"]
[Date "2022.08.15"]
[Round "1.2"]
[White "Duda, Jan-Krzysztof"]
[Black "Niemann, Hans Moke"]
[Result "1-0"]
[WhiteTitle "GM"]
[BlackTitle "GM"]
[WhiteElo "2740"]
[BlackElo "2687"]
[WhiteFideId "1170546"]
[BlackFideId "2093596"]
[EventDate "2022.08.15"]

1. e4 c5 2. Nf3 Nc6 3. d4 cxd4 4. Nxd4 Nf6 5. Nc3 e5 6. Ndb5 d6 7. Bg5 a6 8. Na3
b5 9. Bxf6 gxf6 10. Nd5 f5 11. c3 Be6 12. Nxb5 axb5 13. Bxb5 Rc8 14. Qa4 Bd7 15.
exf5 Bg7 16. O-O O-O 17. Qe4 f6 18. Rfd1 Ne7 19. a4 Rb8 20. c4 Kh8 21. Nxe7 Qxe7
22. Ra3 Bc8 23. Rh3 Bb7 24. Qh4 h6 25. Rhd3 Rfd8 26. h3 Ba8 27. b4 e4 28. Rd4
Qe5 29. c5 d5 30. Qg4 Rbc8 31. a5 Rc7 32. Be2 Bf8 33. Rxe4 Qb2 34. Bf1 Rb8 35.
Re2 Qa3 36. Rd4 Rg7 37. Qf4 Rgb7 38. Re3 Qb2 39. Rg3 Re8 40. Qh4 Bg7 41. Rdg4
Qe5 42. Qh5 Rd8 43. b5 d4 44. c6 Re7 45. Bd3 Qd6 46. Kh2 Rf8 47. Qh4 Rd8 48. a6
Rf8 49. Rxd4 Qc7 50. Bc4 Rd8 51. Rg4 Bf8 52. Qxf6+ Bg7 53. Rxg7 Rxg7 54. Qxh6+
Rh7 55. Qf6+ Rg7 56. b6 Qe7 57. Qxg7+ Qxg7 58. Rxg7 Kxg7 59. b7 1-0

[Event "FTX Crypto Cup 2022"]
[Site "Miami USA"]
[Date "2022.08.15"]
[Round "1.2"]
[White "Le, Quang Liem"]
[Black "Aronian, Levon"]
[Result "1/2-1/2"]
[WhiteTitle "GM"]
[BlackTitle "GM"]
[WhiteElo "2728"]
[BlackElo "2775"]
[WhiteFideId "12401137"]
[BlackFideId "13300474"]
[EventDate "2022.08.15"]

1. d4 Nf6 2. c4 e6 3. Nf3 d5 4. Nc3 Nbd7 5. cxd5 exd5 6. Bf4 c6 7. Qc2 Nh5 8.
Bd2 Nhf6 9. Bf4 Nh5 10. Bg5 Be7 11. h4 Nb6 12. O-O-O h6 13. Bxe7 Qxe7 14. Ne5
Nf6 15. e3 Ng4 16. Nf3 Be6 17. Bd3 O-O-O 18. Kb1 Kb8 19. h5 Rc8 20. Qe2 Nf6 21.
Ne5 c5 22. Bc2 Rhe8 23. f4 Ne4 24. Bxe4 dxe4 25. d5 Bd7 26. d6 Qe6 27. Nxe4 Qf5
28. Qc2 Ba4 29. b3 Bc6 30. Ng3 Qxc2+ 31. Kxc2 c4 32. Kb2 c3+ 33. Kc2 Rxe5 34.
fxe5 Nd7 35. Rh4 Nxe5 36. Nf5 Bxg2 37. d7 Rd8 38. Nxg7 Bc6 39. Nf5 Bxd7 40. Nxh6
Kc7 41. Rf4 f5 42. Nxf5 Rh8 43. h6 Bxf5+ 44. Rxf5 Ng4 45. Rd3 Rxh6 46. Rxc3+ Kb6
47. Rf4 Rh2+ 48. Kb1 Rh1+ 49. Kb2 Rh2+ 50. Ka3 Ne5 51. Rf6+ Nc6 52. b4 a5 53.
bxa5+ Kxa5 54. Rf5+ Ka6 55. Rb3 Re2 56. Rf8 Ka7 57. Rf4 Ka6 58. Ra4+ Na5 59. Kb4
b6 60. Rba3 Kb7 61. Kb5 Rc2 62. Rxa5 bxa5 63. Kxa5 Kc6 64. Kb4 Kd5 65. Ra8 Re2
66. Ra3 Ke4 67. Ra7 Kd5 68. Ra3 Ke4 69. Kc4 Rc2+ 70. Kb3 Rh2 71. Kc4 Rc2+ 72.
Kb4 Rh2 73. Kc5 Rc2+ 74. Kd6 Rd2+ 75. Ke6 Rh2 76. Kd7 Rd2+ 77. Kc6 Rc2+ 78. Kb7
Rb2+ 79. Ka8 Kf3 80. Ka7 Ke4 81. Ra6 Kxe3 82. a4 Kd4 83. Rh6 Kc5 84. a5 Rg2 85.
Rb6 Rg7+ 86. Rb7 Rg5 87. Rb8 Kc6 88. a6 Rg7+ 89. Ka8 Rg1 90. Rh8 Kc7 91. Ka7 Rg7
92. Rh6 Re7 93. Rb6 Re1 94. Rb7+ Kc6 95. Rb2 Re7+ 96. Rb7 Re1 97. Rb6+ Kc7 98.
Rb3 Rc1 99. Rb7+ Kc8 100. Ka8 Rc6 101. a7 Rc1 102. Rb8+ Kc7 103. Rh8 Rc2 104.
Rh7+ Kc8 105. Rh4 Rc1 106. Rb4 Rc2 107. Rb8+ Kc7 108. Rb3 Rc1 109. Rc3+ Rxc3 1/2-1/2

[Event "FTX Crypto Cup 2022"]
[Site "Miami USA"]
[Date "2022.08.15"]
[Round "1.3"]
[White "Praggnanandhaa, R"]
[Black "Firouzja, Alireza"]
[Result "1-0"]
[WhiteTitle "GM"]
[BlackTitle "GM"]
[WhiteElo "2661"]
[BlackElo "2778"]
[WhiteFideId "25059530"]
[BlackFideId "12573981"]
[EventDate "2022.08.15"]

1. e4 d6 2. d4 Nf6 3. Nc3 e5 4. Nf3 Nbd7 5. Bc4 Be7 6. O-O O-O 7. Re1 c6 8. a4
h6 9. h3 Re8 10. a5 Bf8 11. Be3 exd4 12. Bxd4 Qc7 13. Ba2 Ne5 14. Nh4 Be6 15.
Bxe6 Rxe6 16. Nf5 g6 17. Nh4 Nh5 18. g3 Qd8 19. Ng2 Nd7 20. Kh2 Nhf6 21. f4 Bg7
22. Qd3 Qc7 23. Rf1 a6 24. f5 Ne5 25. Bxe5 Rxe5 26. fxg6 fxg6 27. Nh4 Kh7 28.
Nf3 Rh5 29. Ne2 Ng4+ 30. Kg2 Ne5 31. Nxe5 Rxe5 32. Rf4 Rae8 33. Raf1 R8e7 34. b4
d5 35. Nc3 Qd6 36. R1f3 Qe6 37. exd5 cxd5 38. Nd1 Re2+ 39. Nf2 d4 40. Qb3 Qc6
41. h4 h5 42. Qd3 R7e3 43. Qd1 Qxc2 44. Qxc2 Rxc2 45. Rf7 Kh6 46. Rxb7 Ree2 47.
Rd7 d3 48. Rdxd3 Rb2 49. Rd7 Red2 50. Rxd2 Rxd2 51. Kf1 Bd4 52. Nd3 g5 53. Nc5
gxh4 54. gxh4 Bxc5 55. bxc5 Rc2 56. Rf6+ Kg7 57. Rc6 Kf7 58. Ke1 Ke7 59. Kd1 Rc4
60. Kd2 Rxh4 61. Kc3 Ra4 62. Rxa6 h4 63. Kb3 Ra1 64. Kb4 Kd7 65. Rh6 Rb1+ 66.
Kc4 Rc1+ 67. Kb5 Rb1+ 68. Ka6 Ra1 69. Kb7 Rb1+ 70. Rb6 Rc1 71. c6+ Kd6 72. Rb2
h3 73. a6 h2 74. Rd2+ Kc5 75. Rxh2 Rb1+ 76. Kc7 1-0

[Event "FTX Crypto Cup 2022"]
[Site "Miami USA"]
[Date "2022.08.15"]
[Round "1.3"]
[White "Aronian, Levon"]
[Black "Le, Quang Liem"]
[Result "1/2-1/2"]
[WhiteTitle "GM"]
[BlackTitle "GM"]
[WhiteElo "2775"]
[BlackElo "2728"]
[WhiteFideId "13300474"]
[BlackFideId "12401137"]
[EventDate "2022.08.15"]

1. c4 Nf6 2. Nc3 e5 3. Nf3 Nc6 4. e4 Bb4 5. d3 d6 6. Be2 a5 7. O-O Bc5 8. Nd2
O-O 9. Nb3 Ba7 10. Kh1 Nd7 11. f4 exf4 12. Bxf4 Nd4 13. Nxa5 f5 14. Nb3 Ne5 15.
c5 Nxe2 16. Qxe2 fxe4 17. Nxe4 Bg4 18. Qc2 Ng6 19. Bg3 Rxf1+ 20. Rxf1 d5 21. Nf2
Bd7 22. d4 Bb8 23. Nd3 c6 24. Bxb8 Qxb8 25. a3 Qc7 26. Nd2 Re8 27. Qd1 Qd8 28.
Qf3 Rf8 29. Qe3 Re8 30. Ne5 Nxe5 31. dxe5 Qe7 32. Re1 Bf5 33. Kg1 Be4 34. Qd4
Qxe5 35. Qxe5 Rxe5 36. Nxe4 dxe4 37. b4 e3 38. Kf1 Rf5+ 39. Kg1 Re5 40. g3 Kf7
41. Kg2 Ke6 42. Kf3 Kd5 43. Rd1+ Kc4 44. Ke2 Rd5 45. Rf1 Rd7 46. Kxe3 Kb3 47. b5
cxb5 48. Rb1+ Kc4 49. Rc1+ Kb3 50. Rb1+ Ka4 51. Rb4+ Ka5 52. Ke4 Rd2 53. h4 Rc2
54. Kd4 h5 55. Rb3 b6 56. cxb6 Kxb6 57. Ke5 Rc4 58. Kf5 Rg4 59. Rb4 g6+ 60. Kf6
Rxg3 61. a4 Rg4 62. Rxb5+ Ka6 63. Rg5 Rxh4 64. Kxg6 Rxa4 65. Kxh5 Ra5 66. Rxa5+
Kxa5 1/2-1/2

[Event "FTX Crypto Cup 2022"]
[Site "Miami USA"]
[Date "2022.08.15"]
[Round "1.3"]
[White "Niemann, Hans Moke"]
[Black "Duda, Jan-Krzysztof"]
[Result "0-1"]
[WhiteTitle "GM"]
[BlackTitle "GM"]
[WhiteElo "2687"]
[BlackElo "2740"]
[WhiteFideId "2093596"]
[BlackFideId "1170546"]
[EventDate "2022.08.15"]

1. d4 d5 2. Nc3 Nf6 3. Bf4 c5 4. e3 cxd4 5. exd4 a6 6. Nf3 Nc6 7. Ne5 Bd7 8. g4
e6 9. g5 Nxe5 10. Bxe5 Ng8 11. Qd2 h6 12. g6 f6 13. Bf4 Bb4 14. a3 Ba5 15. h4
Rc8 16. b4 Bc7 17. Be3 f5 18. Bd3 Qf6 19. Ne2 Qxg6 20. Nf4 Qf7 21. O-O-O Nf6 22.
f3 O-O 23. Rdg1 e5 24. dxe5 Bxe5 25. Ng6 Bc3 26. Qf2 Ne4 27. Qg2 Rfe8 28. Bxh6
Bb5 29. Bxb5 axb5 30. fxe4 dxe4 31. Kb1 e3 32. Nf4 Re4 33. Ne2 Be5 34. Nc1 Rc3
35. Bxg7 Bxg7 36. h5 Rxa3 37. c3 Rxb4+ 0-1

[Event "FTX Crypto Cup 2022"]
[Site "Miami USA"]
[Date "2022.08.15"]
[Round "1.4"]
[White "Carlsen, Magnus"]
[Black "Giri, Anish"]
[Result "1-0"]
[WhiteTitle "GM"]
[BlackTitle "GM"]
[WhiteElo "2864"]
[BlackElo "2760"]
[WhiteFideId "1503014"]
[BlackFideId "24116068"]
[EventDate "2022.08.15"]

1. d4 Nf6 2. Nf3 g6 3. Bg5 Bg7 4. Nbd2 h6 5. Bh4 d6 6. e4 g5 7. Bg3 Nh5 8. c3 e6
9. Nc4 Nd7 10. Nfd2 Nxg3 11. hxg3 b6 12. a4 a6 13. Bd3 Bb7 14. Qe2 Qe7 15. Ne3
c5 16. d5 Nf6 17. f4 Qc7 18. O-O-O gxf4 19. gxf4 b5 20. dxe6 fxe6 21. e5 dxe5
22. Bg6+ Kf8 23. f5 b4 24. fxe6 bxc3 25. Ndc4 cxb2+ 26. Qxb2 Bc8 27. Qb6 Qxb6
28. Nxb6 Rb8 29. Nxc8 Rxc8 30. Nf5 1-0

[Event "FTX Crypto Cup 2022"]
[Site "Miami USA"]
[Date "2022.08.15"]
[Round "1.4"]
[White "Firouzja, Alireza"]
[Black "Praggnanandhaa, R"]
[Result "1/2-1/2"]
[WhiteTitle "GM"]
[BlackTitle "GM"]
[WhiteElo "2778"]
[BlackElo "2661"]
[WhiteFideId "12573981"]
[BlackFideId "25059530"]
[EventDate "2022.08.15"]

1. e4 c5 2. Nf3 Nc6 3. Bb5 g6 4. Bxc6 bxc6 5. O-O Bg7 6. Re1 Qc7 7. d3 e5 8. b4
cxb4 9. a3 bxa3 10. Bxa3 Ne7 11. d4 exd4 12. e5 c5 13. c3 d3 14. Nbd2 Bb7 15.
Nb3 O-O 16. Bxc5 Rfe8 17. Qxd3 Nf5 18. g4 Bxf3 19. Qxf3 Nh4 20. Qg3 g5 21. Bd6
Qb7 22. Nc5 Qc6 23. Ne4 Bxe5 24. Bxe5 Rxe5 25. Nxg5 Rxg5 26. Qxh4 Rg6 27. Qg3 h5
28. g5 h4 29. Qxh4 Qc5 30. Kh1 Qd5+ 31. Re4 Re8 32. f3 Rxe4 33. fxe4 Qxg5 34.
Qxg5 Rxg5 35. Rxa7 Rc5 36. Rxd7 Rxc3 37. Rd5 Re3 38. Rg5+ Kh7 39. Rg4 f5 40.
exf5 Rf3 41. Rg5 Kh6 42. h4 Rh3+ 43. Kg2 Rxh4 44. Rg6+ Kh7 45. Kf3 Ra4 46. Rg1
Ra3+ 47. Kf4 Ra4+ 48. Ke5 Ra5+ 49. Ke6 Ra6+ 50. Kd7 Ra7+ 51. Kc6 Rf7 52. Rf1 Kg7
53. f6+ Rxf6+ 54. Rxf6 Kxf6 1/2-1/2

[Event "FTX Crypto Cup 2022"]
[Site "Miami USA"]
[Date "2022.08.15"]
[Round "1.4"]
[White "Le, Quang Liem"]
[Black "Aronian, Levon"]
[Result "1/2-1/2"]
[WhiteTitle "GM"]
[BlackTitle "GM"]
[WhiteElo "2728"]
[BlackElo "2775"]
[WhiteFideId "12401137"]
[BlackFideId "13300474"]
[EventDate "2022.08.15"]

1. d4 Nf6 2. c4 e6 3. Nc3 Bb4 4. Nf3 c5 5. e3 O-O 6. Bd3 d5 7. a3 cxd4 8. axb4
dxc4 9. Bxc4 dxc3 10. Qc2 Qc7 11. Qxc3 Nd5 12. Qb3 Nb6 13. Be2 e5 14. Qc3 Qxc3+
15. bxc3 f6 16. c4 Be6 17. c5 Nd5 18. Bd2 Rc8 19. O-O a6 20. e4 Nc7 21. Ra3 Nc6
22. Rfa1 Rd8 23. b5 axb5 24. Rxa8 Rxa8 25. Rxa8+ Nxa8 26. Bxb5 Nc7 27. Bf1 Na6
28. Be3 Nab4 29. Ne1 Kf7 30. g3 Na5 31. Bd2 Nbc6 32. f4 Nb3 33. Be3 Ke7 34. Kf2
h6 35. Nf3 g5 36. fxg5 fxg5 37. h4 g4 38. Nd2 Nxd2 39. Bxd2 h5 40. Ke3 Nb8 41.
Bb4 Kf6 42. Bb5 Bd7 43. Bc4 Bc6 44. Ba5 Nd7 45. Bd8+ Kg6 46. Be7 b6 47. cxb6
Nxb6 48. Bd3 Nd7 49. Bd6 Kf6 50. Ba3 Nb6 51. Kd2 Nd7 52. Kc3 Kg6 53. Bd6 Kf6 54.
Bb1 Ke6 55. Bc7 Nc5 56. Ba2+ Kf6 57. Bd8+ Kg7 58. Bb1 Nxe4+ 59. Bxe4 Bxe4 1/2-1/2

[Event "FTX Crypto Cup 2022"]
[Site "Miami USA"]
[Date "2022.08.16"]
[Round "2.1"]
[White "Praggnanandhaa, R"]
[Black "Giri, Anish"]
[Result "1/2-1/2"]
[WhiteTitle "GM"]
[BlackTitle "GM"]
[WhiteElo "2661"]
[BlackElo "2760"]
[WhiteFideId "25059530"]
[BlackFideId "24116068"]
[EventDate "2022.08.15"]

1. e4 e5 2. Nf3 Nc6 3. Bb5 a6 4. Ba4 Nf6 5. d3 Bc5 6. c3 O-O 7. O-O d5 8. Qe2
dxe4 9. dxe4 Qe7 10. Bg5 Nd8 11. Bh4 Ne6 12. Bg3 Bd6 13. Nbd2 Nh5 14. b4 Nef4
15. Qe3 b5 16. Bh4 Nf6 17. Bb3 Ng6 18. Bg3 c5 19. a4 bxa4 20. Bxa4 cxb4 21. cxb4
Bxb4 22. Nc4 Bc5 23. Qe1 Nh5 24. Nfxe5 Nxg3 25. Nxg6 hxg6 26. hxg3 Be6 27. Ne3
Qg5 28. Bc6 Rac8 29. Bb7 Bxe3 30. Qxe3 Qxe3 31. fxe3 Rc3 32. Rfe1 Rb8 33. Bxa6
Rb4 34. Rac1 Rxc1 35. Rxc1 Rxe4 36. Rc3 g5 37. Bc8 g6 38. Bxe6 Rxe6 39. Kf2 Kg7
40. g4 Re5 41. Kf3 Kf6 42. Rc6+ Ke7 43. Rc7+ Kf6 44. Rc6+ Ke7 45. Rc7+ Kf6 46.
Rc6+ 1/2-1/2

[Event "FTX Crypto Cup 2022"]
[Site "Miami USA"]
[Date "2022.08.16"]
[Round "2.1"]
[White "Carlsen, Magnus"]
[Black "Niemann, Hans Moke"]
[Result "0-1"]
[WhiteTitle "GM"]
[BlackTitle "GM"]
[WhiteElo "2864"]
[BlackElo "2687"]
[WhiteFideId "1503014"]
[BlackFideId "2093596"]
[EventDate "2022.08.15"]

1. e4 c5 2. Nf3 Nc6 3. Bb5 g6 4. O-O Bg7 5. Re1 Nf6 6. e5 Nd5 7. Nc3 Nc7 8. Bxc6
dxc6 9. Ne4 b6 10. Nf6+ Kf8 11. Ne4 Bg4 12. d3 Ne6 13. Neg5 Nxg5 14. Bxg5 Qd5
15. Re4 Bf5 16. c4 Qe6 17. Re3 h6 18. Bf4 g5 19. Bg3 Rd8 20. h3 Kg8 21. a3 Kh7
22. b4 Rd7 23. bxc5 bxc5 24. Qb3 Rhd8 25. Rd1 Qg6 26. Ne1 h5 27. Nf3 h4 28. Bh2
e6 29. Qc3 Bf8 30. Ne1 g4 31. hxg4 Bxg4 32. f3 Bf5 33. f4 Bh6 34. Qa5 Qg4 35.
Rf3 Be4 36. Qxc5 Bxf3 37. Nxf3 h3 38. Qf2 Rxd3 39. Rxd3 Rxd3 40. Ne1 Rxa3 41.
Qb2 Re3 42. Kf2 Bxf4 0-1

[Event "FTX Crypto Cup 2022"]
[Site "Miami USA"]
[Date "2022.08.16"]
[Round "2.2"]
[White "Niemann, Hans Moke"]
[Black "Carlsen, Magnus"]
[Result "0-1"]
[WhiteTitle "GM"]
[BlackTitle "GM"]
[WhiteElo "2687"]
[BlackElo "2864"]
[WhiteFideId "2093596"]
[BlackFideId "1503014"]
[EventDate "2022.08.15"]

1. e4 e6 2. d4 d5 3. Nd2 c5 4. Ngf3 cxd4 5. Nxd4 Nc6 6. Bb5 Bd7 7. Nxc6 bxc6 8.
Bd3 Bd6 9. Qe2 Ne7 10. e5 Bc7 11. O-O c5 12. c4 Bc6 13. Nf3 dxc4 14. Bxc4 O-O
15. Be3 Bxf3 16. Qxf3 Bxe5 17. Bxc5 Qc7 18. Bxe7 Qxe7 19. Qe2 Qc7 20. g3 Bxb2
21. Rab1 Bd4 22. Rfc1 Rac8 23. Qe4 Qd6 24. Kg2 g6 25. Rc2 Bb6 26. Bb3 Rxc2 27.
Qxc2 Qd7 28. Qe2 Rc8 29. Rd1 Qc6+ 30. Qf3 Qxf3+ 31. Kxf3 Rc3+ 32. Ke2 g5 33. Rf1
Kg7 34. Rd1 g4 35. h3 Rf3 36. Rf1 h5 37. hxg4 hxg4 38. Ke1 a5 39. Ke2 Kf6 40.
Ke1 Ke5 41. Ke2 f5 42. Ke1 Kd6 43. Ke2 e5 44. Bg8 Bd4 45. Bf7 e4 46. Bg8 Ke5 47.
Bf7 e3 48. fxe3 Rxe3+ 49. Kf2 Kf6 50. Bh5 Kg5 51. Rh1 Re7+ 52. Kg2 Re2+ 53. Kf1
Rf2+ 54. Ke1 Rxa2 0-1

[Event "FTX Crypto Cup 2022"]
[Site "Miami USA"]
[Date "2022.08.16"]
[Round "2.2"]
[White "Giri, Anish"]
[Black "Praggnanandhaa, R"]
[Result "1/2-1/2"]
[WhiteTitle "GM"]
[BlackTitle "GM"]
[WhiteElo "2760"]
[BlackElo "2661"]
[WhiteFideId "24116068"]
[BlackFideId "25059530"]
[EventDate "2022.08.15"]

1. Nf3 d5 2. g3 c5 3. Bg2 Nf6 4. O-O e6 5. c4 d4 6. d3 Nc6 7. e3 Be7 8. Re1 O-O
9. exd4 cxd4 10. Na3 Bc5 11. Ne5 Nxe5 12. Rxe5 Nd7 13. Re1 Re8 14. Bd2 Bxa3 15.
bxa3 Rb8 16. Qa4 b6 17. Qxa7 Bb7 18. Qa4 Bxg2 19. Kxg2 Ra8 20. Qc2 Rxa3 21. Bb4
Qa8+ 22. Kg1 Ra4 23. a3 Nb8 24. Rab1 Nc6 25. Bd6 Ra6 26. Rb5 Rd8 27. Bb4 h6 28.
Qe2 Qc8 29. f4 Qd7 30. Qf3 Na7 31. Rbe5 Nc6 32. Rb5 Na7 33. Rbe5 Nc6 34. Rb5 1/2-1/2

[Event "FTX Crypto Cup 2022"]
[Site "Miami USA"]
[Date "2022.08.16"]
[Round "2.3"]
[White "Praggnanandhaa, R"]
[Black "Giri, Anish"]
[Result "1/2-1/2"]
[WhiteTitle "GM"]
[BlackTitle "GM"]
[WhiteElo "2661"]
[BlackElo "2760"]
[WhiteFideId "25059530"]
[BlackFideId "24116068"]
[EventDate "2022.08.15"]

1. e4 e5 2. Nf3 Nc6 3. Bb5 a6 4. Ba4 Nf6 5. d3 Bc5 6. c3 O-O 7. Bxc6 bxc6 8.
Nxe5 d5 9. d4 Bb6 10. O-O dxe4 11. Bg5 h6 12. Bxf6 Qxf6 13. Nd2 c5 14. Nxe4 Qe6
15. Re1 cxd4 16. cxd4 Rd8 17. Nf3 Qf5 18. Rc1 Bb7 19. Qc2 a5 20. h3 Re8 21. Nc5
Qxc2 22. Rxc2 Bxf3 23. Rxe8+ Rxe8 24. gxf3 Re1+ 25. Kg2 Rd1 26. Na6 Rxd4 27.
Nxc7 Bxc7 28. Rxc7 g5 29. Rb7 Kg7 30. Rb5 Rd2 31. a4 Kg6 32. f4 gxf4 33. Kf3 f6
34. h4 h5 35. b3 Rb2 36. Kg2 Rb1 37. Rb8 Kf5 38. Kf3 Rb2 39. Rb6 Ke5 40. Rb5+
Ke6 41. Rb6+ Kf5 42. Rb8 Kg6 43. Rb5 Rc2 44. Rxa5 Rc3+ 45. Kxf4 Rxb3 46. f3 Rb4+
47. Kg3 Kf7 48. Ra8 Ke6 49. Re8+ Kf5 50. Re4 Rb3 51. Rc4 Ra3 52. Rc5+ Kg6 53. a5
Ra4 54. f4 Ra3+ 55. Kg2 Ra4 56. Kf3 Kh6 57. Kg3 Kg6 58. Rd5 Kh6 59. Rb5 Kg6 60.
f5+ Kh6 61. Rb6 Ra3+ 62. Kg2 Rxa5 63. Rxf6+ Kg7 64. Rg6+ Kf7 65. Rg5 Kf6 66.
Rxh5 Rxf5 67. Rxf5+ Kxf5 68. h5 Kg5 69. h6 Kxh6 1/2-1/2

[Event "FTX Crypto Cup 2022"]
[Site "Miami USA"]
[Date "2022.08.16"]
[Round "2.4"]
[White "Niemann, Hans Moke"]
[Black "Carlsen, Magnus"]
[Result "0-1"]
[WhiteTitle "GM"]
[BlackTitle "GM"]
[WhiteElo "2687"]
[BlackElo "2864"]
[WhiteFideId "2093596"]
[BlackFideId "1503014"]
[EventDate "2022.08.15"]

1. e4 g6 2. d4 Bg7 3. Nf3 d6 4. Be2 Nf6 5. Nc3 O-O 6. O-O e6 7. h3 b6 8. e5 dxe5
9. dxe5 Qxd1 10. Rxd1 Nfd7 11. Nb5 Ba6 12. Bf4 Rc8 13. a4 Bb7 14. a5 a6 15. axb6
axb5 16. Ra7 Nxb6 17. Rxb7 Nc6 18. Bxb5 Na5 19. Rxb6 cxb6 20. Nd4 Nc4 21. Nc6
Bf8 22. b3 Na3 23. c4 Nxb5 24. cxb5 Ra3 25. Rd3 Bc5 26. Bg5 Rca8 27. g4 Ra2 28.
Rf3 Rb2 29. Kg2 Raa2 30. Bh4 g5 31. Bg3 Ra3 0-1